|
|
|
|
| LEADER |
04099nam a2200445 a 4500 |
| 001 |
GR-Antirio945 |
| 008 |
140408s20032009gr g 000 0 eng d |
| 020 |
|
|
|a 9789606674426
|
| 040 |
|
|
|a GrPaTEI
|b gre
|c GR-PaULI
|
| 040 |
|
|
|a GrPaTEI
|b gre
|c GR-PaULI
|
| 082 |
|
0 |
|a 428.24
|2 21
|
| 100 |
1 |
|
|a Koutsoyanni, Evangelia
|
| 245 |
1 |
0 |
|a English for electronics and telecommunications /
|c Evangelia Koutsoyanni.
|
| 250 |
|
|
|a 2η έκδ.
|
| 260 |
|
|
|a Αθήνα :
|b Σύγχρονη Εκδοτική,
|c 2009
|
| 300 |
|
|
|a 294 σ. :
|b είκ., πίν.
|
| 500 |
|
|
|a Σύστημα "ΕΥΔΟΞΟΣ": αρ. εισ. 8992, 9090, 9091, 9092, 9093, 9149, 9150, 9320, 9321, 9323, 9324,9472
|
| 500 |
|
|
|a Τμήμα Μηχανικών Πληροφορικής Τ.Ε.(Αντίρριο)
|
| 504 |
|
|
|a Βιβλιογραφία: σ. [291-294
|
| 610 |
|
4 |
|a Σύστημα ΕΥΔΟΞΟΣ
|
| 610 |
2 |
4 |
|a Τμήμα Μηχανικών Πληροφορικής Τ.Ε. (Αντίρριο)
|
| 650 |
|
4 |
|a Αγγλική γλώσσα
|x Τεχνικά αγγλικά
|
| 650 |
|
4 |
|a Ηλεκτρονική
|x Ορολογία
|x Αγγλική γλώσσα
|
| 650 |
|
4 |
|a Τηλεπικοινωνία
|x Ορολογία
|x Αγγλική γλώσσα
|
| 710 |
0 |
|
|a Σύγχρονη Εκδοτική
|
| 942 |
|
|
|2 ddc
|
| 952 |
|
|
|0 0
|1 0
|2 ddc
|4 0
|6 428_240000000000000_KOU
|7 0
|9 262510
|a LISK-2
|b LISK-2
|c EUD
|d 2021-01-17
|e 24
|f 0
|g 0.00
|l 0
|o 428.24 KOU
|p 2430000008992
|r 2021-01-17 00:00:00
|t 1
|w 2021-01-17
|y BK15
|x 20140408 0 ΧΑΣΑΝΗ 1
|x GrPaTEI - Antirrio
|
| 952 |
|
|
|0 0
|1 0
|2 ddc
|4 0
|6 428_240000000000000_KOU
|7 0
|9 262511
|a LISK-2
|b LISK-2
|c EUD
|d 2021-01-17
|e 24
|f 0
|g 0.00
|l 0
|o 428.24 KOU
|p 2430000009090
|r 2021-01-17 00:00:00
|t 1
|w 2021-01-17
|y BK15
|x 20140408 0 ΧΑΣΑΝΗ 1
|x GrPaTEI - Antirrio
|
| 952 |
|
|
|0 0
|1 0
|2 ddc
|4 0
|6 428_240000000000000_KOU
|7 0
|9 262512
|a LISK-2
|b LISK-2
|c EUD
|d 2021-01-17
|e 24
|f 0
|g 0.00
|l 0
|o 428.24 KOU
|p 2430000009091
|r 2021-01-17 00:00:00
|t 1
|w 2021-01-17
|y BK15
|x 20140408 0 ΧΑΣΑΝΗ 1
|x GrPaTEI - Antirrio
|
| 952 |
|
|
|0 0
|1 0
|2 ddc
|4 0
|6 428_240000000000000_KOU
|7 0
|9 262513
|a LISK-2
|b LISK-2
|c EUD
|d 2021-01-17
|e 24
|f 0
|g 0.00
|l 0
|o 428.24 KOU
|p 2430000009092
|r 2021-01-17 00:00:00
|t 1
|w 2021-01-17
|y BK15
|x 20140408 0 ΧΑΣΑΝΗ 1
|x GrPaTEI - Antirrio
|
| 952 |
|
|
|0 0
|1 0
|2 ddc
|4 0
|6 428_240000000000000_KOU
|7 0
|9 262514
|a LISK-2
|b LISK-2
|c EUD
|d 2021-01-17
|e 24
|f 0
|g 0.00
|l 0
|o 428.24 KOU
|p 2430000009093
|r 2021-01-17 00:00:00
|t 1
|w 2021-01-17
|y BK15
|x 20140408 0 ΧΑΣΑΝΗ 1
|x GrPaTEI - Antirrio
|
| 952 |
|
|
|0 0
|1 0
|2 ddc
|4 0
|6 428_240000000000000_KOU
|7 0
|9 262515
|a LISK-2
|b LISK-2
|c EUD
|d 2021-01-17
|e 24
|f 0
|g 0.00
|l 0
|o 428.24 KOU
|p 2430000009149
|r 2021-01-17 00:00:00
|t 1
|w 2021-01-17
|y BK15
|x 20140408 0 ΧΑΣΑΝΗ 1
|x GrPaTEI - Antirrio
|
| 952 |
|
|
|0 0
|1 0
|2 ddc
|4 0
|6 428_240000000000000_KOU
|7 0
|9 262516
|a LISK-2
|b LISK-2
|c EUD
|d 2021-01-17
|e 24
|f 0
|g 0.00
|l 0
|o 428.24 KOU
|p 2430000009150
|r 2021-01-17 00:00:00
|t 1
|w 2021-01-17
|y BK15
|x 20140408 0 ΧΑΣΑΝΗ 1
|x GrPaTEI - Antirrio
|
| 952 |
|
|
|0 0
|1 0
|2 ddc
|4 0
|6 428_240000000000000_KOU
|7 0
|9 262517
|a LISK-2
|b LISK-2
|c EUD
|d 2021-01-17
|e 24
|f 0
|g 0.00
|l 0
|o 428.24 KOU
|p 2430000009320
|r 2021-01-17 00:00:00
|t 1
|w 2021-01-17
|y BK15
|x 20140408 0 ΧΑΣΑΝΗ 1
|x GrPaTEI - Antirrio
|
| 952 |
|
|
|0 0
|1 0
|2 ddc
|4 0
|6 428_240000000000000_KOU
|7 0
|9 262518
|a LISK-2
|b LISK-2
|c EUD
|d 2021-01-17
|e 24
|f 0
|g 0.00
|l 0
|o 428.24 KOU
|p 2430000009321
|r 2021-01-17 00:00:00
|t 1
|w 2021-01-17
|y BK15
|x 20140408 0 ΧΑΣΑΝΗ 1
|x GrPaTEI - Antirrio
|
| 952 |
|
|
|0 0
|1 0
|2 ddc
|4 0
|6 428_240000000000000_KOU
|7 0
|9 262519
|a LISK-2
|b LISK-2
|c EUD
|d 2021-01-17
|e 24
|f 0
|g 0.00
|l 0
|o 428.24 KOU
|p 2430000009323
|r 2021-01-17 00:00:00
|t 1
|w 2021-01-17
|y BK15
|x 20140408 0 ΧΑΣΑΝΗ 1
|x GrPaTEI - Antirrio
|
| 952 |
|
|
|0 0
|1 0
|2 ddc
|4 0
|6 428_240000000000000_KOU
|7 0
|9 262520
|a LISK-2
|b LISK-2
|c EUD
|d 2021-01-17
|e 24
|f 0
|g 0.00
|l 0
|o 428.24 KOU
|p 2430000009324
|r 2021-01-17 00:00:00
|t 1
|w 2021-01-17
|y BK15
|x 20140408 0 ΧΑΣΑΝΗ 1
|x GrPaTEI - Antirrio
|
| 952 |
|
|
|0 0
|1 0
|2 ddc
|4 0
|6 428_240000000000000_KOU
|7 0
|9 262521
|a LISK-2
|b LISK-2
|c EUD
|d 2021-01-17
|e 24
|f 0
|g 0.00
|l 0
|o 428.24 KOU
|p 2430000009472
|r 2021-01-17 00:00:00
|t 1
|w 2021-01-17
|y BK15
|x 20141111 0 ΧΑΣΑΝΗ 1
|x GrPaTEI - Antirrio
|
| 971 |
|
|
|a .b25707449
|b 15-04-20
|c 12-09-16
|
| 999 |
|
|
|c 151329
|d 151329
|